000
00331nam a2200133Ia 4500
008
191201s1998 xx 000 0 und d
082
_a
621.3192
_b
CHN
100
_a
CHOUDHURY, D Roy
245
0
_a
Networks and Systems
260
_a
N.Delhi
_b
New Age International
_c
1998
300
_a
926
650
_a
B.Tech(ECE)
942
_2
ddc
_c
BK
999
_c
3201
_d
3201